[Event "OP-2013-0-02642"]
[Site "LSS email"]
[Date "2013.02.13"]
[Round "?"]
[White "Bester, Kazimierz"]
[Black "Kajgoshev, Ruslan"]
[Result "1-0"]
[WhiteElo "777"]
[BlackElo "1200"]
[PlyCount "35"]
[EventDate "2013.02.10"]
[EventType "tourn (corr)"]
[EventRounds "4"]
[EventCountry "GER"]
[SourceTitle "Corr 2015"]
[Source "ChessBase"]
[SourceDate "2015.07.17"]
[SourceVersion "1"]
[SourceVersionDate "2015.07.17"]
[SourceQuality "1"]

1. f4 e5 2. d4 exd4 3. Qxd4 Nf6 4. Nf3 d5 5. e3 c6 6. Be2 Nbd7 7. 0-0 Bc5 8. Qd1 0-0 9. c3 Re8 10. Nd4 Ne4 11. Nd2 Ndf6 12. N2f3 Ng4 13. Qe1 Nd6 14. Ne5 Nxe5 15. fxe5 Rxe5 16. Qg3 Bxd4 17. cxd4 Re8 18. Bd3 1-0